Southville International School and Colleges
Your cart is empty.
  • Cart
  • Lists
    Public lists Eva Luna New books Lux_list list_1
    Your lists Log in to create your own lists
  • Log in to your account
  • Your cookies
  • Search history
Southville International School and Colleges
  • Advanced search
  • Recent comments
  • Most popular
  • Libraries

Log in to your account

Log in with GOOGLE


If you do not have an external account, but do have a local account, you can still log in:

  1. Home
  2. MARC view: Dare to dream :
Normal view MARC view ISBD view

Dare to dream : (Record no. 35010)

[ view plain ]
MARC details
000 -LEADER
fixed length control field 01829pam a2200457 a 4500
001 - CONTROL NUMBER
control field 4416063
003 - CONTROL NUMBER IDENTIFIER
control field OSt
005 - DATE AND TIME OF LATEST TRANSACTION
control field 20140310184520.0
008 - FIXED-LENGTH DATA ELEMENTS--GENERAL INFORMATION
fixed length control field 930922s1994 nyua j b 001 0beng
010 ## - LIBRARY OF CONGRESS CONTROL NUMBER
LC control number 93033573
020 ## - INTERNATIONAL STANDARD BOOK NUMBER
International Standard Book Number 9780439168410
040 ## - CATALOGING SOURCE
Original cataloging agency DLC
Transcribing agency DLC
Modifying agency DLC
042 ## - AUTHENTICATION CODE
Authentication code lcac
043 ## - GEOGRAPHIC AREA CODE
Geographic area code n-us---
050 00 - LIBRARY OF CONGRESS CALL NUMBER
Classification number E 185.97.K47
Item number .M43 2000
082 00 - DEWEY DECIMAL CLASSIFICATION NUMBER
Classification number 323/.092
-- B
100 1# - MAIN ENTRY--PERSONAL NAME
Personal name Medearis, Angela Shelf,
Dates associated with a name 1956-
9 (RLIN) 25133
245 10 - TITLE STATEMENT
Title Dare to dream :
Remainder of title Coretta Scott King and the civil rights movement /
Statement of responsibility, etc Angela Shelf Medearis
250 ## - EDITION STATEMENT
Edition statement 1st ed.
260 ## - PUBLICATION, DISTRIBUTION, ETC. (IMPRINT)
Place of publication, distribution, etc New York :
Name of publisher, distributor, etc Lodestar Books,
Date of publication, distribution, etc 2000.
300 ## - PHYSICAL DESCRIPTION
Extent 60 p. :
Other physical details ill. ;
Dimensions 22 cm.
440 #2 - SERIES STATEMENT/ADDED ENTRY--TITLE
Title A Rainbow biography
9 (RLIN) 25134
521 ## - TARGET AUDIENCE NOTE
Target audience note
526 ## - STUDY PROGRAM INFORMATION NOTE
Reading level 890
600 10 - SUBJECT ADDED ENTRY--PERSONAL NAME
Personal name King, Coretta Scott,
Dates associated with a name 1927-2006
Form subdivision Juvenile literature.
9 (RLIN) 25135
600 10 - SUBJECT ADDED ENTRY--PERSONAL NAME
Personal name King, Martin Luther,
Titles and other words associated with a name Jr.,
Dates associated with a name 1929-1968
Form subdivision Juvenile literature.
9 (RLIN) 25136
600 11 - SUBJECT ADDED ENTRY--PERSONAL NAME
Personal name King, Coretta Scott,
Dates associated with a name 1927-2006.
9 (RLIN) 25137
650 #0 - SUBJECT ADDED ENTRY--TOPICAL TERM
Topical term or geographic name as entry element African Americans
General subdivision Civil rights
Form subdivision Juvenile literature.
9 (RLIN) 25138
650 #0 - SUBJECT ADDED ENTRY--TOPICAL TERM
Topical term or geographic name as entry element Civil rights movements
Geographic subdivision United States
General subdivision History
Chronological subdivision 20th century
Form subdivision Juvenile literature.
9 (RLIN) 25139
650 #0 - SUBJECT ADDED ENTRY--TOPICAL TERM
Topical term or geographic name as entry element African Americans
Form subdivision Biography
-- Juvenile literature.
9 (RLIN) 25140
650 #0 - SUBJECT ADDED ENTRY--TOPICAL TERM
Topical term or geographic name as entry element Civil rights workers
Geographic subdivision United States
Form subdivision Biography
-- Juvenile literature.
9 (RLIN) 25141
650 #1 - SUBJECT ADDED ENTRY--TOPICAL TERM
Topical term or geographic name as entry element Civil rights workers.
9 (RLIN) 24204
650 #1 - SUBJECT ADDED ENTRY--TOPICAL TERM
Topical term or geographic name as entry element Civil rights movements
General subdivision History.
9 (RLIN) 25142
650 #1 - SUBJECT ADDED ENTRY--TOPICAL TERM
Topical term or geographic name as entry element African Americans
Form subdivision Biography.
9 (RLIN) 25143
650 #1 - SUBJECT ADDED ENTRY--TOPICAL TERM
Topical term or geographic name as entry element Women
Form subdivision Biography.
9 (RLIN) 25144
700 1# - ADDED ENTRY--PERSONAL NAME
Personal name Rich, Anna,
Dates associated with a name 1956-
Relator term ill.
9 (RLIN) 25145
906 ## - LOCAL DATA ELEMENT F, LDF (RLIN)
a 7
b cbc
c orignew
d 1
e ocip
f 19
g y-gencatlg
942 ## - ADDED ENTRY ELEMENTS (KOHA)
Source of classification or shelving scheme Library of Congress Classification
Koha item type
Holdings
Withdrawn status Lost status Source of classification or shelving scheme Damaged status Home library Current library Shelving location Date acquired Total Checkouts Full call number Barcode Date last seen Copy number Price effective from Koha item type
    Library of Congress Classification   Luxembourg Library Luxembourg Library Scholastic Reading Center Section 10/16/2013   E 185.97.K47 .M43 2000 SCHO0160 04/18/2017 1 10/16/2013 Books

Dare to dream :

APA

Medearis A. S., Rich A., . (2000). Dare to dream. New York: Lodestar Books.

Chicago

Medearis Angela Shelf, Rich Anna, . 2000. Dare to dream. New York: Lodestar Books.

Harvard

Medearis A. S., Rich A., . (2000). Dare to dream. New York: Lodestar Books.

MLA

Medearis Angela Shelf, Rich Anna, . Dare to dream. New York: Lodestar Books. 2000.

  • Place hold
  • Print
  • Cite
  • Add to your cart (remove)
  • Save record
    BIBTEX Dublin Core MARCXML MARC (non-Unicode/MARC-8) MARC (Unicode/UTF-8) MARC (Unicode/UTF-8, Standard) MODS (XML) RIS
  • More searches
    Search for this title in:
    Other Libraries (WorldCat) Other Databases (Google Scholar) Online Stores (Bookfinder.com) Open Library (openlibrary.org)

Exporting to Dublin Core...

SOUTHVILLE LIBRARY

Southville International School and Colleges Library

1281 Tropical Ave. Cor. Luxembourg St., BF Homes International, Las Pinas City

Tel. No. 8256374 / 252358 Loc. 117/146

Powered by Koha